[Event "Let's Play 2"]
[Site "SchemingMind.com"]
[Date "2016.10.10"]
[Round "-"]
[White "ray winteringham"]
[Black "cnile"]
[Result "0-1"]
[WhiteCountry "ENG"]
[BlackCountry "SCO"]
[WhiteElo "1492"]
[WhiteRD "50"]
[BlackElo "1460"]
[BlackRD "59"]
[GameID "404823"]

1. e4 e6 2. d4 d5 3. e5 c5 4. c3 Nc6 5. Nf3 Qb6 6. b3 Nge7 7. Be2 cxd4 8. cxd4 Nf5 9. O-O Ncxd4 10. Be3 Nxe3
11. fxe3 Nxf3+ 12. Bxf3 Qxe3+ 13. Kh1 Qxe5 14. Nd2 Bd6 15. g3 h5 16. Be2 h4 17. Nf3 Qe4 18. Kg2 h3+ 19. Kg1 Bd7 20. Ng5 Qe3+
0-1

[Event "Let's Play 2"]
[Site "SchemingMind.com"]
[Date "2016.10.10"]
[Round "-"]
[White "cnile"]
[Black "Wojtek26"]
[Result "1/2-1/2"]
[WhiteCountry "SCO"]
[BlackCountry "POL"]
[WhiteElo "1485"]
[WhiteRD "58"]
[BlackElo "1529"]
[BlackRD "46"]
[GameID "404824"]

1. e4 e5 2. Nf3 Nc6 3. Bb5 Nge7 4. c3 g6 5. d4 exd4 6. cxd4 Bg7 7. Be3 a6 8. Ba4 b5 9. Bb3 O-O 10. O-O Bb7
11. Nc3 Nb4 12. Re1 d5 13. e5 Nf5 14. a3 Nxe3 15. Rxe3 Nc6 16. Bxd5 Rb8 17. Qb3 Na5 18. Qa2 Bxd5 19. Nxd5 Nc4 20. Nc3 c6
21. Ne4 Nxe3 22. fxe3 Bh6 23. Kf2 Re8 24. Nf6+ Kg7 25. b4 Re6 26. Qc2 Qb6 27. Rc1 Rxf6 28. exf6+ Kxf6 29. Qxc6+ Qxc6 30. Rxc6+ Kg7
31. Ne5 Ra8 32. Nd7 Ra7 33. Nc5 a5 34. Ra6 Rxa6 35. Nxa6 axb4 36. Nxb4 Kg8 37. Nd5 Bf8 38. Nc7 b4 39. axb4 Bxb4 40. Nd5 Bd6
41. h3 f5 42. Kf3 Kf7 43. Nc3 Ke6 44. g3 Bb4 45. Ne2 g5 46. g4 fxg4+ 47. hxg4 Bd2 48. Ke4 Be1 49. Ng1 Bf2 50. Nf3 h6
51. Nd2 Be1 52. Nf3 Bf2 53. Nd2 Be1 54. Nc4 Bf2 55. Na5 Be1 56. Nc6 Bf2 57. Nd8+ Ke7 58. Nc6+ Ke6 59. Ne5 Bg1 60. Nf3=
1/2-1/2

[Event "Let's Play 2"]
[Site "SchemingMind.com"]
[Date "2016.10.11"]
[Round "-"]
[White "emvarela"]
[Black "cnile"]
[Result "1-0"]
[WhiteCountry "ARG"]
[BlackCountry "SCO"]
[WhiteElo "1712"]
[WhiteRD "55"]
[BlackElo "1502"]
[BlackRD "65"]
[GameID "404825"]

1. e4 c5 2. Nf3 Nc6 3. d4 cxd4 4. Nxd4 Nf6 5. Nc3 e6 6. Nxc6 bxc6 7. Bd3 d5 8. exd5 exd5 9. Bg5 Bb4 10. Qe2+ Be6
11. O-O O-O 12. a3 Be7 13. b4 h6 14. Bxf6 Bxf6 15. Qd2 Re8 16. Rad1 Rb8 17. Ne2 Qc7 18. Ng3 Qb6 19. Nf5 Bg5 20. Qc3 Bf6
21. Qc5 Qxc5 22. bxc5 Bxf5 23. Bxf5 Be7 24. Bd7 Red8 25. Bxc6 d4 26. Rd3 Bxc5 27. Rfd1 Rb2 28. c3 Bxa3 29. Rxd4 Rxd4 30. cxd4 a5
31. Be4 Bb4 32. h3 a4 33. Rb1 Bc3 34. Rxb2 Bxb2 35. d5 a3 36. Bb1 Kf8 37. f3 Ke7 38. Kf2 Kd6 39. Ba2 f6 40. Ke3 Be5
41. f4 Bc3 42. Ke4 g6 43. g4 Bb2 44. h4 Bc3 45. h5 gxh5 46. gxh5 Be1 47. Kf5 Bh4 48. Kg6 Bg3 49. f5 Bh4 50. Kxh6 Bg5+
51. Kg6
1-0

[Event "Let's Play 2"]
[Site "SchemingMind.com"]
[Date "2016.10.15"]
[Round "-"]
[White "ray winteringham"]
[Black "emvarela"]
[Result "0-1"]
[WhiteCountry "ENG"]
[BlackCountry "ARG"]
[WhiteElo "1473"]
[WhiteRD "55"]
[BlackElo "1710"]
[BlackRD "54"]
[GameID "404827"]

1. e4 e5 2. Nf3 Nc6 3. Be2 d6 4. O-O Nf6 5. d3 Be7 6. Be3 h6 7. c4 O-O 8. Nc3 a6 9. a3 Bd7 10. b4 b6
11. h3 Na7 12. a4 b5 13. a5 c6 14. Qd2 bxc4 15. dxc4 Qc7 16. Bxh6 gxh6 17. Qxh6 Nh7 18. c5 f5 19. Bd3 f4 20. Bc4+ Kh8
21. Qh5 Be8 22. Qg4 Bf7 23. cxd6 Qxd6 24. Bb3 Bxb3 25. h4 Rg8 26. Qh3 Be6 27. Qh1 Qd3 28. Rac1 Qxf3
0-1

[Event "Let's Play 2"]
[Site "SchemingMind.com"]
[Date "2016.10.15"]
[Round "-"]
[White "John Willis"]
[Black "emvarela"]
[Result "1-0"]
[WhiteCountry "USA"]
[BlackCountry "ARG"]
[WhiteElo "1673"]
[WhiteRD "90"]
[BlackElo "1710"]
[BlackRD "54"]
[GameID "404828"]

1. c4 c5 2. Nf3 Nf6 3. Nc3 Nc6 4. d4 cxd4 5. Nxd4 Nxd4 6. Qxd4 e6 7. g3 Bb4 8. Bg2 O-O 9. O-O Bxc3 10. Qxc3 Rb8
11. Rd1 b6 12. Bf4 Bb7 13. Bxb8 Qxb8 14. Bxb7 Qxb7 15. f3 Rc8 16. Qd3 Qc6 17. Rac1 Qc5+ 18. Qd4 Qxd4+ 19. Rxd4 d5 20. b3 Kf8
21. b4 e5 22. Rd2 dxc4 23. b5 e4 24. Rdc2 exf3 25. Rxc4 Rxc4 26. Rxc4 fxe2 27. Kf2 Nd5 28. Kxe2 Ke7 29. Kd3 Kd6 30. Ra4
1-0

[Event "Let's Play 2"]
[Site "SchemingMind.com"]
[Date "2016.10.15"]
[Round "-"]
[White "emvarela"]
[Black "Wojtek26"]
[Result "1/2-1/2"]
[WhiteCountry "ARG"]
[BlackCountry "POL"]
[WhiteElo "1710"]
[WhiteRD "54"]
[BlackElo "1548"]
[BlackRD "48"]
[GameID "404829"]

1. e4 e5 2. Nf3 Nc6 3. Bb5 Nge7 4. O-O g6 5. Bxc6 Nxc6 6. d4 Bg7 7. d5 Ne7 8. c4 d6 9. Nc3 O-O 10. h3 f5
11. Bg5 Qe8 12. Bxe7 Qxe7 13. Qe2 fxe4 14. Nxe4 Bh6 15. Rae1 Bd7 16. b4 Rf7 17. c5 Bf5 18. cxd6 cxd6 19. Nfd2 Bxd2 20. Qxd2 Bxe4
21. Rxe4 Rc8 22. Rc1 Rcf8 23. f3 Qd7=
1/2-1/2

[Event "Let's Play 2"]
[Site "SchemingMind.com"]
[Date "2016.10.15"]
[Round "-"]
[White "ray winteringham"]
[Black "Carl Lenox"]
[Result "1-0"]
[WhiteCountry "ENG"]
[BlackCountry "CAN"]
[WhiteElo "1470"]
[WhiteRD "52"]
[BlackElo "1119"]
[BlackRD "72"]
[GameID "404832"]

1. e4 c5 2. Nf3 g6 3. Bc4 e6 4. O-O a6 5. d3 b5 6. Bb3 Nf6 7. c4 b4 8. Be3 Qb6 9. d4 d6 10. d5 Nxe4
11. dxe6 Bxe6 12. Nbd2
1-0

[Event "Let's Play 2"]
[Site "SchemingMind.com"]
[Date "2016.10.10"]
[Round "-"]
[White "Wojtek26"]
[Black "ray winteringham"]
[Result "1-0"]
[WhiteCountry "POL"]
[BlackCountry "ENG"]
[WhiteElo "1501"]
[WhiteRD "46"]
[BlackElo "1492"]
[BlackRD "50"]
[GameID "404833"]

1. e4 c5 2. Nf3 Nc6 3. Bb5 g6 4. O-O Bg7 5. d3 d6 6. Bf4 Bxb2 7. Nbd2 Bxa1 8. Qxa1 Nf6 9. e5 dxe5 10. Bxe5 e6
11. Bxf6 Qd5 12. Bxh8 Bd7 13. Bxc6 Bxc6 14. Bf6 Kd7 15. Ne5+ Kc8 16. Nxc6 Qxc6 17. Nc4 Kd7 18. Ne5+
1-0

[Event "Let's Play 2"]
[Site "SchemingMind.com"]
[Date "2016.10.10"]
[Round "-"]
[White "cnile"]
[Black "John Willis"]
[Result "1-0"]
[WhiteCountry "SCO"]
[BlackCountry "USA"]
[WhiteElo "1485"]
[WhiteRD "58"]
[BlackElo "1596"]
[BlackRD "95"]
[GameID "404834"]

1. d4 Nf6 2. Nf3 g6 3. h3 Bg7 4. Bf4 O-O 5. e3 d6 6. c4 c5 7. Nc3 Bf5 8. Bd3 cxd4 9. exd4 Bd7 10. O-O Nc6
11. a3 Re8 12. Rc1 e5 13. dxe5 dxe5 14. Bg3 e4 15. Nxe4 Nxe4 16. Bf4 Bxb2 17. Rc2 Bxa3 18. Bh6 Bc5 19. Re1 Bxf2+ 20. Kh1 Ng3+
21. Kh2 Bxe1 22. Qa1 f6 23. Ng5 Nf5 24. Ne4 Ncd4 25. c5 Nxc2 26. Bxc2 Nxh6 27. Nxf6+ Kf8 28. Nxh7+ Ke7 29. Qf6#
1-0

[Event "Let's Play 2"]
[Site "SchemingMind.com"]
[Date "2016.10.15"]
[Round "-"]
[White "John Willis"]
[Black "Carl Lenox"]
[Result "1-0"]
[WhiteCountry "USA"]
[BlackCountry "CAN"]
[WhiteElo "1596"]
[WhiteRD "95"]
[BlackElo "1119"]
[BlackRD "72"]
[GameID "404835"]

1. c4 b6 2. Nc3 c5 3. e4 Nc6 4. g3 Nf6 5. Bg2 e5 6. d3 d6 7. Nd5 Nd4 8. Ne2 g6 9. Nxf6+ Qxf6 10. Nxd4 Bb7
11. Nb5 Qd8 12. O-O Bg7 13. Bg5 Qd7 14. Qd2 O-O 15. Nc3 Rfe8 16. Nd5 Bxd5 17. cxd5
1-0

[Event "Let's Play 2"]
[Site "SchemingMind.com"]
[Date "2016.10.10"]
[Round "-"]
[White "John Willis"]
[Black "ray winteringham"]
[Result "0-1"]
[WhiteCountry "USA"]
[BlackCountry "ENG"]
[WhiteElo "1588"]
[WhiteRD "101"]
[BlackElo "1492"]
[BlackRD "50"]
[GameID "404836"]

1. c4 e5 2. g3 Nc6 3. Bg2 d6 4. Nc3 Bd7 5. Nf3 g6 6. O-O Bg7 7. d3 f5 8. e4 Nf6 9. Re1 O-O 10. Nd5 Ne7
11. b3 c6 12. Nxe7+ Qxe7 13. Ba3 c5 14. Qd2 f4 15. gxf4 exf4 16. Qxf4 Nh5 17. Qc1 Bxa1 18. Qxa1 Nf4 19. Bf1 Nxd3 20. Bxd3 Rxf3
21. Qd1 Qg5+ 22. Kf1 Raf8 23. Re2 Bh3+ 24. Ke1 Rxf2 25. Qc1 Rf1#
0-1

[Event "Let's Play 2"]
[Site "SchemingMind.com"]
[Date "2016.10.10"]
[Round "-"]
[White "Wojtek26"]
[Black "John Willis"]
[Result "0-1"]
[WhiteCountry "POL"]
[BlackCountry "USA"]
[WhiteElo "1529"]
[WhiteRD "46"]
[BlackElo "1596"]
[BlackRD "95"]
[GameID "404837"]

1. e4 c5 2. Nf3 e6 3. Nc3 a6 4. Be2 b5 5. O-O Bb7 6. d3 Nc6 7. Be3 h6 8. a3 Bd6 9. d4 cxd4 10. Nxd4 Bc7
11. b4 Nf6 12. Nxc6 Bxc6 13. Bd3 O-O 14. Re1 Be5 15. Bd2 Bd4 16. Rb1 e5 17. Ne2 Bb6 18. Ng3 d6 19. Nf5 Kh7 20. Be3 Qc7
21. Bxb6 Qxb6 22. Nxd6 Rad8 23. Nf5 Bxe4 24. Qe2 Bxf5 25. Bxf5+ g6 26. Bh3 Rfe8 27. Rbd1 h5 28. Rxd8 Rxd8 29. Qxe5 Rd5 30. Qe7 Kg7
31. g3 Rd2 32. Qe3 Qxe3 33. Rxe3 Rxc2 34. Kf1 Nd5 35. Rd3 Nc3 36. Rd6 Ne4 37. Rxa6 Nxf2 38. Bg2 Nd3 39. a4 Nxb4 40. axb5 Nxa6
41. bxa6 Ra2 42. Bb7 f5 43. Kg1 Kh6 44. h4 g5 45. Bc8 Kg6 46. Kf1 gxh4 47. gxh4 f4 48. Kg1 Kf6 49. Kf1 Ke5 50. Ke1 f3
51. Bb7 f2+ 52. Kf1 Kf4 53. Kg2 Kg4 54. Bf3+ Kxh4 55. a7 Rxa7 56. Kxf2 Rf7 57. Kg2 Kg5 58. Be2 Re7 59. Bf3 h4 60. Kh3 Re3
61. Kg2 Kf4 62. Bb7 h3+ 63. Kh2 Kg4 64. Ba6 Rb3 65. Bc8+ Kh4
0-1

[Event "Let's Play 2"]
[Site "SchemingMind.com"]
[Date "2016.10.10"]
[Round "-"]
[White "John Willis"]
[Black "zeksky"]
[Result "1-0"]
[WhiteCountry "USA"]
[BlackCountry "CRO"]
[WhiteElo "1673"]
[WhiteRD "90"]
[BlackElo "1413"]
[BlackRD "93"]
[GameID "404839"]

1. c4 e5 2. g3 Nc6 3. Bg2 Bc5 4. e3 Nf6 5. Nc3 O-O 6. a3 a6 7. b4 Ba7 8. Nge2 d6 9. O-O Re8 10. Nd5 Be6
11. e4 Bg4 12. Re1 Nd4 13. Bb2 Nxe2+ 14. Rxe2 Bxe2 15. Qxe2 Nxd5 16. cxd5 Qf6 17. Rc1 Rac8 18. h4 c6 19. Bh3 Rc7 20. Rf1 cxd5
21. exd5 Rc2 22. Bc3 Bd4 23. Bxd4 Kf8 24. Bc3 b5 25. Qd3
1-0

[Event "Let's Play 2"]
[Site "SchemingMind.com"]
[Date "2016.10.10"]
[Round "-"]
[White "cnile"]
[Black "wight knight"]
[Result "0-1"]
[WhiteCountry "SCO"]
[BlackCountry "ENG"]
[WhiteElo "1460"]
[WhiteRD "59"]
[BlackElo "1355"]
[BlackRD "58"]
[GameID "404840"]

1. e4 e5 2. Nf3 f6 3. Nxe5 g6 4. Nf3 Bc5 5. Bc4 d6 6. d4 Bb6 7. O-O Bg4 8. Be3 Bxf3 9. Qxf3 c6 10. Nc3 c5
11. d5 Nd7 12. Rfe1 Ne5 13. Be2 Nxf3+ 14. Bxf3 Ba5
0-1

[Event "Let's Play 2"]
[Site "SchemingMind.com"]
[Date "2016.10.15"]
[Round "-"]
[White "emvarela"]
[Black "wight knight"]
[Result "1-0"]
[WhiteCountry "ARG"]
[BlackCountry "ENG"]
[WhiteElo "1719"]
[WhiteRD "51"]
[BlackElo "1355"]
[BlackRD "59"]
[GameID "404842"]

1. e4 e5 2. Nf3 f6 3. d4 c5 4. dxe5 fxe5 5. Bc4 Qf6 6. Bg5 Qd6 7. Qxd6 Bxd6 8. Nc3 h6 9. Be3 Nf6 10. O-O-O Ke7
11. Nb5 Nxe4 12. Nxd6 Nxd6 13. Bxc5 b6 14. Bxd6+ Kd8 15. Nxe5 a5 16. Nf7+ Ke8 17. Rhe1#
1-0

[Event "Let's Play 2"]
[Site "SchemingMind.com"]
[Date "2016.10.10"]
[Round "-"]
[White "wight knight"]
[Black "ray winteringham"]
[Result "0-1"]
[WhiteCountry "ENG"]
[BlackCountry "ENG"]
[WhiteElo "1355"]
[WhiteRD "58"]
[BlackElo "1492"]
[BlackRD "50"]
[GameID "404843"]

1. e4 c5 2. Bc4 Nc6 3. c3 g6 4. d3 Bg7 5. Qf3 Nf6 6. Na3 d6 7. Bg5 O-O 8. Bxf6 Bxf6 9. O-O-O Qb6 10. b3 Qa5
11. Nb5 b6 12. a4 a6 13. e5 Bxe5 14. Na3 Qxc3+ 15. Nc2 Qb2+ 16. Kd2 Bc3+ 17. Ke3 Qxc2 18. Nh3 Bd4+ 19. Ke4 Be6 20. Bxe6 fxe6
21. Qg3 Qe2+
0-1

[Event "Let's Play 2"]
[Site "SchemingMind.com"]
[Date "2016.10.10"]
[Round "-"]
[White "wight knight"]
[Black "John Willis"]
[Result "0-1"]
[WhiteCountry "ENG"]
[BlackCountry "USA"]
[WhiteElo "1355"]
[WhiteRD "58"]
[BlackElo "1588"]
[BlackRD "101"]
[GameID "404844"]

1. e4 c5 2. Bc4 e6 3. d3 a6 4. Bf4 Nf6 5. f3 Be7 6. Be5 b5 7. Bb3 Nc6 8. Bxf6 Bxf6 9. c3 Bh4+ 10. g3 Bf6
11. a4 b4 12. cxb4 Nxb4 13. Na3 Bd4 14. Ne2 Bxb2 15. Ra2 Nxa2 16. Bxa2 Bxa3 17. O-O O-O 18. Bc4 Rb8 19. Qc2 Bb4 20. Rb1 d5
21. exd5 exd5 22. Bb3 Bf5 23. g4 Bg6 24. h4 h5 25. gxh5 Bxh5 26. Kf2 Bg6 27. Nf4 Qxh4+ 28. Ke2 Rfe8+ 29. Kf1 Qxf4 30. Bxd5 Qe3
31. Re1 Bxd3+ 32. Qe2 Bxe2+ 33. Rxe2 Qxe2+
0-1

[Event "Let's Play 2"]
[Site "SchemingMind.com"]
[Date "2016.10.10"]
[Round "-"]
[White "Wojtek26"]
[Black "wight knight"]
[Result "1-0"]
[WhiteCountry "POL"]
[BlackCountry "ENG"]
[WhiteElo "1501"]
[WhiteRD "46"]
[BlackElo "1355"]
[BlackRD "58"]
[GameID "404845"]

1. e4 e5 2. Nf3 f6 3. Bc4 Bc5 4. O-O d6 5. Nc3 c6 6. Bxg8 Rxg8 7. a3 b5 8. b4 Bd4 9. Nxd4 exd4 10. Ne2 Bg4
11. h3 Bxe2 12. Qxe2 g6 13. Bb2 c5 14. c3 dxc3 15. Bxc3 cxb4 16. Bxb4 Nc6 17. Qxb5 Qb6 18. Qxb6 axb6 19. Bxd6 Rd8 20. Bb4 Nxb4
21. axb4 Rxd2 22. Ra8+ Kf7 23. Ra7+ Ke6 24. Rb7 Rd6 25. f3 h5 26. Rc1 h4 27. Kf2 Rd2+ 28. Kf1 Rd6 29. Ra1 Rgd8 30. Rg7 g5
31. Rb7 Rd1+ 32. Rxd1 Rxd1+ 33. Ke2 Rd6 34. Rc7 b5 35. Rc5 Rb6 36. Ke3 Kd6 37. f4 gxf4+ 38. Kxf4 Rb8 39. Kf5 Ke7 40. Kg4 Rg8+
41. Kxh4 Rxg2 42. Rxb5 Re2 43. Kg4 Rxe4+ 44. Kf5 Re6 45. Rb7+ Kd6 46. Rb6+ Kd5 47. Rxe6 Kc4 48. Kxf6 Kxb4 49. Rc6 Kb5 50. Rc1
1-0

[Event "Let's Play 2"]
[Site "SchemingMind.com"]
[Date "2016.10.10"]
[Round "-"]
[White "wight knight"]
[Black "zeksky"]
[Result "0-1"]
[WhiteCountry "ENG"]
[BlackCountry "CRO"]
[WhiteElo "1328"]
[WhiteRD "60"]
[BlackElo "1413"]
[BlackRD "93"]
[GameID "404847"]

1. e4 e5 2. Bc4 Nc6 3. c3 Bc5 4. Qf3 Nf6 5. d3 h6 6. Be3 Bxe3 7. fxe3 O-O 8. Na3 a6 9. O-O-O d6 10. Bd5 Bg4
11. Qg3 Bxd1 12. Kxd1 Nxd5 13. exd5 Ne7 14. e4 c6 15. Nf3 cxd5 16. c4 d4 17. h4 Nc6 18. h5 Nb4 19. Qh4 Nxd3 20. b3 Qxh4
21. Nxh4 Nf2+ 22. Ke2 Nxh1 23. Nf5 Rad8 24. Kf1 Kh7 25. Kg1 g6 26. Ne7 Ng3 27. hxg6+ fxg6 28. Nd5 Nxe4 29. Nc7 Rf6 30. Nd5 Rf2
31. Nf6+ Rxf6 32. Nc2 Rf2 33. Kh2 Rxc2
0-1

[Event "Let's Play 2"]
[Site "SchemingMind.com"]
[Date "2016.10.15"]
[Round "-"]
[White "Carl Lenox"]
[Black "Wojtek26"]
[Result "0-1"]
[WhiteCountry "CAN"]
[BlackCountry "POL"]
[WhiteElo "1119"]
[WhiteRD "72"]
[BlackElo "1529"]
[BlackRD "46"]
[GameID "404848"]

1. e4 e5 2. Nf3 Nc6 3. Bb5 Nge7 4. O-O g6 5. Re1 Bg7 6. a3 O-O 7. b4 a6 8. Ba4 d6 9. Bb2 Bd7 10. c3 f5
0-1

[Event "Let's Play 2"]
[Site "SchemingMind.com"]
[Date "2016.10.11"]
[Round "-"]
[White "cnile"]
[Black "zeksky"]
[Result "1-0"]
[WhiteCountry "SCO"]
[BlackCountry "CRO"]
[WhiteElo "1490"]
[WhiteRD "60"]
[BlackElo "1413"]
[BlackRD "93"]
[GameID "404854"]

1. e4 Nc6 2. Nf3 e5 3. Bb5 Bc5 4. c3 a6 5. Ba4 Nf6 6. d3 b5 7. Bb3 h6 8. O-O O-O 9. Nbd2 Re8 10. h3 d5
11. exd5 Nxd5 12. Ne4 Ba7 13. Re1 Nf6 14. a4 Bf5 15. Nfd2 Qxd3 16. Bc2 Qd5 17. Nxf6+ gxf6 18. Bxf5 Ne7 19. Qg4+ Kh8 20. Be4 Qc5
21. Rf1 Nd5 22. Nf3
1-0

[Event "Let's Play 2"]
[Site "SchemingMind.com"]
[Date "2016.10.10"]
[Round "-"]
[White "zeksky"]
[Black "ray winteringham"]
[Result "1-0"]
[WhiteCountry "CRO"]
[BlackCountry "ENG"]
[WhiteElo "1570"]
[WhiteRD "117"]
[BlackElo "1470"]
[BlackRD "52"]
[GameID "404856"]

1. e4 e5 2. Nf3 Nc6 3. Bc4 h6 4. O-O Be7 5. c3 Nf6 6. Re1 d6 7. d4 exd4 8. cxd4 O-O 9. Nc3 Bg4 10. Be3 a6
11. a3 Qd7 12. b4 b5 13. Be2 Nd8 14. e5 Nh7 15. Nd5 Be6 16. Nxe7+ Qxe7 17. Rc1 Nb7 18. Bd3 g6 19. Bxh6 g5 20. Bxh7+ Kxh7
21. Bxf8 Rxf8 22. Qc2+ Kg7 23. Qxc7 Qxc7 24. Rxc7 Nd8 25. exd6 Kh6 26. d7 f6 27. d5 Bf5 28. Re8
1-0

[Event "Let's Play 2"]
[Site "SchemingMind.com"]
[Date "2016.10.10"]
[Round "-"]
[White "Wojtek26"]
[Black "zeksky"]
[Result "0-1"]
[WhiteCountry "POL"]
[BlackCountry "CRO"]
[WhiteElo "1548"]
[WhiteRD "48"]
[BlackElo "1413"]
[BlackRD "93"]
[GameID "404857"]

1. e4 e5 2. Nf3 Nc6 3. Bb5 a6 4. Bxc6 bxc6 5. d3 d6 6. O-O h6 7. Nc3 Nf6 8. Re1 Be7 9. a3 O-O 10. Bd2 Bg4
11. h3 Bxf3 12. Qxf3 Re8 13. Be3 d5 14. exd5 cxd5 15. d4 e4 16. Qg3 Bd6 17. Bf4 Nh5 18. Qg4 Nxf4 19. g3 Ne6 20. Nxd5 Ng5
21. Nc3 Nf3+ 22. Kf1 Nxe1 23. Rxe1 e3 24. fxe3 Qf6+ 25. Kg1 c6 26. Ne4 Qe6 27. Qxe6 Rxe6 28. Nd2 Bxg3 29. Rf1 Rxe3 30. Nc4 Re1
31. Rxe1 Bxe1 32. Ne5 Rd8 33. c3 Rb8 34. Nc4 a5 35. Kf1 Bh4 36. Kg2 Bg5 37. Kf3 Bc1 38. Nxa5 Rxb2 39. Nxc6 Rb3 40. d5 Rxc3+
41. Ke4 Bxa3 42. Kd4 Rxh3 43. Ke5 f6+ 44. Ke6 Re3+ 45. Kd7 h5
0-1